Design and implication of campus pager system / (Record no. 188636)

000 -LEADER
fixed length control field 00487 a2200169 4500
003 - CONTROL NUMBER IDENTIFIER
control field NUST
005 - DATE AND TIME OF LATEST TRANSACTION
control field 20251021124104.0
040 ## - CATALOGING SOURCE
Transcribing agency Nust
082 ## - DEWEY DECIMAL CLASSIFICATION NUMBER
Classification number 621.382,MEH
100 ## - MAIN ENTRY--PERSONAL NAME
Personal name Mehmood, Capt Tanveer, ( TCC-13)
9 (RLIN) 131328
245 ## - TITLE STATEMENT
Title Design and implication of campus pager system /
Statement of responsibility, etc. Capt Tanveer Mehmood, LT Muhammad Ali , Capt Tariq Mehmood
260 ## - PUBLICATION, DISTRIBUTION, ETC.
Place of publication, distribution, etc. Rawalpindi
Name of publisher, distributor, etc. MCS
Date of publication, distribution, etc. 2005
300 ## - PHYSICAL DESCRIPTION
Extent 65, p;
650 ## - SUBJECT ADDED ENTRY--TOPICAL TERM
Topical term or geographic name entry element UG Projects
9 (RLIN) 98716
651 ## - SUBJECT ADDED ENTRY--GEOGRAPHIC NAME
Geographic name TCC-13
9 (RLIN) 126050
942 ## - ADDED ENTRY ELEMENTS (KOHA)
Koha item type Project Report
Source of classification or shelving scheme
Holdings
Withdrawn status Lost status Source of classification or shelving scheme Damaged status Not for loan Permanent Location Current Location Shelving location Date acquired Full call number Barcode Date last seen Price effective from Koha item type Public note
          Military College of Signals (MCS) Military College of Signals (MCS) Reference 12/12/2016 621.382,MEH MCSPTE-120 12/08/2016 12/12/2016 Project Report Almirah No.90, Shelf No.2
© 2023 Central Library, National University of Sciences and Technology. All Rights Reserved.